000 00657nas a2200241 i 4500
001 2617
003 ES-MaACL
005 20250709060558.0
007 t|
008 950801d19481948sp | | 1b||pa d
080 _a(059)(460)
245 0 0 _aAlmanaque /
_cHemeroteca Municipal de Madrid.
260 _aMadrid :
_bHemeroteca Municipal,
_c1948.
300 _a1 v. :
_bil. ;
_c19 cm.
310 _aAnual
362 0 _a1948.
655 0 _9241262
_aAlmanaques
710 2 _aHemeroteca Municipal de Madrid.
_94560
_eedt
_eisb
852 _aES-MaACL
_cDEPOF
_j1874-F-17
866 0 _o1948.
942 _2udc
_cPERIODICA
_n0
999 _c2617
_d2617